000 00319nam a22001337a 4500
020 _a1-85941-227-0
082 _a344.206862
100 _aHodges, Susan
245 _aLaw of Marine Insurance
260 _aLondon:
_bCavendish Publishing,
_c1996
300 _aXLVIII,647p.;23cm.
500 _aInclude Index
942 _cBK
999 _c22235
_d22235